tehe lyrics - gracie abrams - Statistics

General Stats
  • This quiz has been taken 34 times
  • The average score is 157 of 188
Answer Stats
Answer % Correct
I
100%
the
100%
we
100%
and
95%
in
95%
it
95%
me
95%
was
95%
you
95%
but
90%
down
90%
know
90%
never
90%
of
90%
on
90%
right
90%
time
90%
up
90%
wasn't
90%
bathtubs
86%
blamed
86%
broke
86%
played
86%
said
86%
went
86%
all
81%
drowned
81%
enough
81%
ever
81%
nothing
81%
pretended
81%
quiet
81%
should've
81%
called
76%
let
76%
pushing
76%
silent
76%
so
76%
things
76%
to
76%
aside
71%
breaking
71%
doors
71%
every
71%
gave
71%
grown-ups
71%
now
71%
opened
71%
thunder
71%
wall
71%
warning
71%
worked
71%
angry
67%
floors
67%
hold
67%
slept
67%
tearing
67%
'til
67%
yours
67%
mornings
62%
stopped
62%
bending
57%
rule
57%
kept
43%
timing
29%
wanting
29%
No matching quizzes found
Score Distribution
Percent of People with Each Score
Percentile by Number Answered
Your Score History
You have not taken this quiz